Minecraft guide to creative / (Record no. 369358)
[ view plain ]
| 000 -LEADER | |
|---|---|
| fixed length control field | 02041pam a2200361 i 4500 |
| 001 - CONTROL NUMBER | |
| control field | BK0027468460 |
| 005 - DATE AND TIME OF LATEST TRANSACTION | |
| control field | 20220114093743.0 |
| 008 - FIXED-LENGTH DATA ELEMENTS--GENERAL INFORMATION | |
| fixed length control field | 211103s2021 nyua c f 000 0 eng d |
| 010 ## - LIBRARY OF CONGRESS CONTROL NUMBER | |
| LC control number | bl2021027963 |
| 020 ## - INTERNATIONAL STANDARD BOOK NUMBER | |
| International Standard Book Number | 9780593355831 : HRD |
| Terms of availability | 12.99 |
| 020 ## - INTERNATIONAL STANDARD BOOK NUMBER | |
| International Standard Book Number | 0593355830 : HRD |
| Terms of availability | 12.99 |
| Qualifying information | hc. |
| 037 ## - SOURCE OF ACQUISITION | |
| Source of stock number/acquisition | Random House Inc, Attn Order Entry 400 Hahn rd, Westminster, MD, USA, 21157 |
| Note | SAN 201-3975 |
| 040 ## - CATALOGING SOURCE | |
| Original cataloging agency | NjBwBT |
| Language of cataloging | eng |
| Transcribing agency | NjBwBT |
| Description conventions | rda |
| Modifying agency | IMmBT |
| -- | NjBwBT |
| 050 14 - LIBRARY OF CONGRESS CALL NUMBER | |
| Classification number | GV1469.35.M535 |
| Item number | M395 2021 |
| 082 04 - DEWEY DECIMAL CLASSIFICATION NUMBER | |
| Classification number | 794.8 |
| Edition number | 23/eng/20211103 |
| 092 ## - LOCALLY ASSIGNED DEWEY CALL NUMBER (OCLC) | |
| Classification number | 794.8000 |
| 100 1# - MAIN ENTRY--PERSONAL NAME | |
| Personal name | McBrien, Thomas, |
| Relator term | author. |
| 9 (RLIN) | 6386401 |
| 245 10 - TITLE STATEMENT | |
| Title | Minecraft guide to creative / |
| Remainder of title | Guide to Creative |
| Statement of responsibility, etc | written by Thomas McBrien ; illustrations by Ryan Marsh. |
| 246 30 - VARYING FORM OF TITLE | |
| Title proper/short title | Guide to creative |
| 246 18 - VARYING FORM OF TITLE | |
| Title proper/short title | Mojang Studios Minecraft guide to creative |
| 250 ## - EDITION STATEMENT | |
| Edition statement | Updated and revised, First US edition. |
| 264 #1 - Production, Publication, Distribution, Manufacture, and Copyright Notice. | |
| Place of production, publication, distribution, manufacture | New York : |
| Name of producer, publisher, distributor, manufacturer | Del Rey, |
| Date of production, publication, distribution, manufacture, or copyr | [2021] |
| 300 ## - PHYSICAL DESCRIPTION | |
| Extent | 95 pages : |
| Other physical details | color illustrations ; |
| Dimensions | 22 cm |
| 336 ## - Content Type | |
| Content type term | text |
| 337 ## - Media type | |
| Media type term | unmediated |
| 338 ## - Carrier type | |
| Carrier type term | volume |
| 500 ## - GENERAL NOTE | |
| General note | "Mojang official product"--Cover. |
| 520 ## - SUMMARY, ETC. | |
| Summary, etc | "Minecraft is a sandbox game where anything is possible! With over 600 blocks to choose from, getting started can feel overwhelming. This updated guide will give you all the tools you need to become an expert builder. Whether it's choosing your blocks ordecorating your build, this book is packed with expert advice, top tips, and advanced tricks to take your construction skills to the next level. Read how to plan builds, create color palettes, use effective lighting, and much more. This book also featuresadvice from pro build teams and YouTubers, and includes step-by-step builds to complete in-game"-- |
| -- | Provided by publisher. |
| 650 #0 - SUBJECT ADDED ENTRY--TOPICAL TERM | |
| Topical term or geographic name as entry element | Minecraft (Game) |
| Form subdivision | Handbooks, manuals, etc. |
| -- | Juvenile literature. |
| 9 (RLIN) | 5744106 |
| 655 #7 - INDEX TERM--GENRE/FORM | |
| Genre/form data or focus term | Handbooks and manuals. |
| Source of term | lcgft |
| 9 (RLIN) | 5705141 |
| 650 #1 - SUBJECT ADDED ENTRY--TOPICAL TERM | |
| Topical term or geographic name as entry element | Minecraft (Game) |
| Form subdivision | Handbooks, manuals, etc. |
| 9 (RLIN) | 5746776 |
| 700 1# - ADDED ENTRY--PERSONAL NAME | |
| Personal name | Marsh, Ryan, |
| Relator term | illustrator. |
| 9 (RLIN) | 6010106 |
| Withdrawn status | Lost status | Source of classification or shelving scheme | Damaged status | Not for loan | Collection code | Home library | Current library | Shelving location | Date acquired | Source of acquisition | Total Checkouts | Total Renewals | Full call number | Barcode | Checked out | Date last seen | Date checked out | Cost, replacement price | Price effective from | Koha item type |
|---|---|---|---|---|---|---|---|---|---|---|---|---|---|---|---|---|---|---|---|---|
| Dewey Decimal Classification | Junior NonFiction | Wasatch County Library | Wasatch County Library | Second Floor | 08/19/2025 | Ingram | 5 | 6 | J 794.8 McBrien | 34301002164590 | 05/01/2026 | 03/05/2026 | 03/05/2026 | 14.00 | 08/19/2025 | BOOK |
